header

Motivational management (Record no. 24140)

MARC details
000 -LEADER
fixed length control field 01623nam a2200325Ia 4500
082 04 - DEWEY DECIMAL CLASSIFICATION NUMBER
Classification number 658.3/14
100 1# - MAIN ENTRY--AUTHOR NAME
Personal name Hiam, Alexander.
245 10 - TITLE STATEMENT
Title Motivational management
260 ## - PUBLICATION, DISTRIBUTION, ETC. (IMPRINT)
Place of publication New York ;
-- London :
Name of publisher AMACOM,
Year of publication c2003.
300 ## - PHYSICAL DESCRIPTION
Number of Pages ix, 276 p. :
Other physical details ill.
505 0# - FORMATTED CONTENTS NOTE
Formatted contents note The quest for star performers -- Creating a positive performance environment -- Rethinking management communications -- Using motivational communication techniques -- Tackling the feelings that drive performance -- Providing challenging opportunities -- Using feedback to motivate -- Eliminating contaminants -- Transforming negative attitudes -- Appealing to individual motives -- Using recognition and rewards.
650 #0 - SUBJECT ADDED ENTRY--TOPICAL TERM
Topical Term Employee motivation.
Topical Term Personnel management.
856 40 - ELECTRONIC LOCATION AND ACCESS
Uniform Resource Identifier http://site.ebrary.com/lib/rucke/Doc?id=10020631

No items available.

© 2026 Rongo University
Contact us: librarian | system librarian | Rongo university